Novela zákona o účtovníctve účinná od 1. januára 2010
Zákonom č. 504/2009 Z.z. z 22 októbra 2009, ktorým sa mení a dopĺňa zákon č. 595/2003 Z.z. o dani z príjmov v z.n.p. a o zmene a doplnení niektorých zákonov, bol novelizovaný aj zákon č. 431/2002 Z.z. o účtovníctve v znení neskorších predpisov. Informácia o najdôležitejších zmenách.
Salvato in:
| Autore principale: | |
|---|---|
| Altri autori: | |
| Natura: | Capitolo di libro |
| Lingua: | slovacco |
| Soggetti: | |
| Tags: |
Nessun Tag, puoi essere il primo ad aggiungerne!!
|
MARC
| LEADER | 00000naa$a2200000$$$4500 | ||
|---|---|---|---|
| 001 | 0110482 | ||
| 005 | 20231127100328.7 | ||
| 041 | 0 | |a slo | |
| 044 | |a SK | ||
| 245 | 1 | 0 | |a Novela zákona o účtovníctve účinná od 1. januára 2010 |c Richard Farkaš, Andrea Šikulová |
| 520 | |a Zákonom č. 504/2009 Z.z. z 22 októbra 2009, ktorým sa mení a dopĺňa zákon č. 595/2003 Z.z. o dani z príjmov v z.n.p. a o zmene a doplnení niektorých zákonov, bol novelizovaný aj zákon č. 431/2002 Z.z. o účtovníctve v znení neskorších predpisov. Informácia o najdôležitejších zmenách. | ||
| 610 | 2 | 0 | |a Slovensko |
| 610 | 2 | 0 | |a zákony |
| 610 | 2 | 0 | |a novelizácia |
| 610 | 2 | 0 | |a účtovníctvo |
| 100 | 1 | |a Farkaš, Richard | |
| 700 | 1 | |a Šikulová, Andrea | |